• 首页
  • 本馆介绍
  • 公告通知
  • 最新文献
  • 馆藏检索
  • 电子资源
  • 读者导购
  • 参考咨询
  • 我的图书馆
  • 登录
  • 详细信息显示
  • 放入我的书架
  • 预约/预借图书
  • 作者相关作品
  • 分类相关作品
  • 丛书相关作品
  • 出版社相关作品

书目信息

  • 表格格式
  • 工作单格式
  • 卡片格式
题名:
股权布局控税
    
 
作者: 肖太寿 , 钟天宁 编著
分册:  
出版信息: 北京   中国财政经济出版社  2022.04
页数: 16, 287页
开本: 24cm
丛书名:
单 册:
中图分类: F812.423
科图分类:
主题词: 股权管理--gu quan guan li--税收管理--研究--中国
电子资源:
ISBN: 978-7-5223-1290-3
000 01287nam0 2200289 450
001 CAL 011140650
005 20230217093113.0
010    @a978-7-5223-1290-3@dCNY98.00
100    @a20220629d2022 em y0chiy0120 ea
101 0  @achi
102    @aCN@b110000
105    @ay a 000yy
106    @ar
200 1  @a股权布局控税@Agu quan bu ju kong shui@f肖太寿, 钟天宁编著
210    @a北京@c中国财政经济出版社@d2022.04
215    @a16, 287页@d24cm
312    @a英文题名取自封面
314    @a肖太寿, 经济学博士, 研究员, 中国财政学研究院博士后, 中国财税培训金牌讲师。钟天宁, 浩智税务师事务所有限公司总经理、党支部书记。
320    @a有书目 (第286-287页)
330    @a本书共六章, 内容包括: “股权布局控税新思维: 既不丧失公司控制权又合法控税”“股权布局控税的法律保障: 公司法、公司章程、股东协议与税法相融合”“三种公司股权架构主体的涉税处理”“‘九大’股权布局控税策略及其案例剖析”“股权布局涉及股权转让的纳税处理”“股权布局涉及增资、减资、转增资本股权 (资产) 收购的涉税处理”。
510 1  @aEquity distribution tax control@zeng
606 0  @a股权管理@Agu quan guan li@x税收管理@x研究@y中国
690    @aF812.423@v5
701  0 @a肖太寿@Axiao tai shou@4编著
701  0 @a钟天宁@Azhong tian ning@4编著
801  0 @aCN@bBJXHZP@c20230222
905    @b1378764-7@dF812.423@e109@f4
    
    股权布局控税/肖太寿, 钟天宁编著.-北京:中国财政经济出版社,2022.04
    16, 287页;24cm
    
    
    ISBN 978-7-5223-1290-3:CNY98.00
    本书共六章, 内容包括: “股权布局控税新思维: 既不丧失公司控制权又合法控税”“股权布局控税的法律保障: 公司法、公司章程、股东协议与税法相融合”“三种公司股权架构主体的涉税处理”“‘九大’股权布局控税策略及其案例剖析”“股权布局涉及股权转让的纳税处理”“股权布局涉及增资、减资、转增资本股权 (资产) 收购的涉税处理”。
●
相关链接 在E读中查询图书 在五车中查询图书 在当当中查询图书 在豆瓣中查询图书


正题名:股权布局控税     索取号:F812.423/109         预约/预借

序号 登录号 条形码 馆藏地/架位号 状态 备注
1 1378764   213787641   第一样本阅览室/ [索取号:F812.423/109] 在馆    
2 1378765   213787650   第一借阅区/ [索取号:F812.423/109] 在馆    
3 1378766   213787669   第一借阅区/ [索取号:F812.423/109] 在馆    
4 1378767   213787678   第一借阅区/ [索取号:F812.423/109] 在馆    
唐山师范学院图书馆 欢迎您!
大连网信软件有限公司© 版权所有